| 000 | 00522nam a22001937a 4500 | ||
|---|---|---|---|
| 003 | OSt | ||
| 005 | 20140310181940.0 | ||
| 008 | 130724t xxu||||| |||| 00| 0 eng d | ||
| 020 | _a9780752545554 | ||
| 050 |
_aPR 4571 _b.D548 2000 |
||
| 082 |
_aCLA D55g _b2000 |
||
| 100 |
_aDickens, Charles _93381 |
||
| 245 |
_aA tale of two cities Great Expectations / _cCharles Dickens. |
||
| 260 |
_aLondon: _bParragon Book., _cc2000. |
||
| 300 |
_a462 p. : _c22 cm. |
||
| 541 | _j1 | ||
| 562 | _e1 | ||
| 942 |
_2lcc _cBBK _kCLA |
||
| 999 |
_c7629 _d7629 |
||